| Tag |
First Indicator |
Second Indicator |
Subfields |
| LEADER |
00000cam a2200000 4500 |
| 001 |
in00000998024 |
| 005 |
20150927155950.0 |
| 008 |
830609m19651968cauab 00000 enge |
| 010 |
|
|
|a 66063969
|
| 035 |
|
|
|a (OCoLC)09592977
|
| 035 |
|
|
|9 AEY3917AM
|
| 040 |
|
|
|a DLC
|c CNO
|d CNO
|d m/c
|d TXA
|d UtOrBLW
|
| 049 |
1 |
|
|a TXA2
|
| 050 |
0 |
0 |
|a TD487
|b .C3
|
| 090 |
|
|
|a GB705.C2
|b A32 no. 164
|
| 110 |
1 |
|
|a California.
|b Department of Water Resources.
|
| 245 |
1 |
0 |
|a Tehachapi Crossing design studies.
|
| 264 |
|
1 |
|a [Sacramento],
|b [publisher not identified] ;
|c 1965-68.
|
| 300 |
|
|
|a 6 volumes :
|b illustrations, maps. ;
|c 28 cm.
|
| 336 |
|
|
|a text
|b txt
|2 rdacontent
|
| 337 |
|
|
|a unmediated
|b n
|2 rdamedia
|
| 338 |
|
|
|a volume
|b nc
|2 rdacarrier
|
| 490 |
1 |
|
|a Its Bulletin ;
|v no. 164
|
| 651 |
|
0 |
|a California Aqueduct (Calif.)
|
| 650 |
|
0 |
|a Pumping stations.
|
| 650 |
|
0 |
|a Water resources development
|z California
|z Tehachapi Mountains.
|
| 651 |
|
0 |
|a Tehachapi Mountains (Calif.)
|
| 650 |
|
0 |
|a Pumping machinery.
|
| 830 |
|
0 |
|a Bulletin (California. Department of Water Resources) ;
|v no. 164.
|
| 999 |
|
|
|a MARS
|
| 999 |
f |
f |
|s c0d3eeb5-a012-35dd-a1d1-0f613d4eed5d
|i 470aa191-1770-33ae-a88a-4d753dae2d7f
|t 0
|
| 952 |
f |
f |
|p ric
|a Texas A&M University
|b Rellis Campus
|c Joint Library Facility
|d Remote Storage
|t 0
|e GB705.C2 A32 no.164
|h Library of Congress classification
|i unmediated -- volume
|k v.2
|m A14814858365
|
| 952 |
f |
f |
|p ric
|a Texas A&M University
|b Rellis Campus
|c Joint Library Facility
|d Remote Storage
|t 0
|e GB705.C2 A32 no.164
|h Library of Congress classification
|i unmediated -- volume
|k v.1
|m A14814858022
|
| 952 |
f |
f |
|p ric
|a Texas A&M University
|b Rellis Campus
|c Joint Library Facility
|d Remote Storage
|t 0
|e GB705.C2 A32 no.164
|h Library of Congress classification
|i unmediated -- volume
|k v.3
|m A14814169952
|
| 952 |
f |
f |
|p ric
|a Texas A&M University
|b Rellis Campus
|c Joint Library Facility
|d Remote Storage
|t 0
|e GB705.C2 A32 no.164
|h Library of Congress classification
|i unmediated -- volume
|k v.5
|m A14814858373
|
| 952 |
f |
f |
|p ric
|a Texas A&M University
|b Rellis Campus
|c Joint Library Facility
|d Remote Storage
|t 0
|e GB705.C2 A32 no.164
|h Library of Congress classification
|i unmediated -- volume
|k v.6
|m A14814170092
|
| 952 |
f |
f |
|p ric
|a Texas A&M University
|b Rellis Campus
|c Joint Library Facility
|d Remote Storage
|t 0
|e GB705.C2 A32 no.164
|h Library of Congress classification
|i unmediated -- volume
|k v.4
|m A14814169994
|
| 998 |
f |
f |
|a GB705.C2 A32 no.164
|s v.1-v.6
|t 0
|l Remote Storage
|